| 000 | 00861nam a22002417a 4500 | ||
|---|---|---|---|
| 999 |
_c2311 _d2311 |
||
| 003 | AR-CdUCM | ||
| 008 | 190304b ||||| |||| 00| 0 spa d | ||
| 040 |
_aMUNICIPALIDAD PROVINCIAL DEL CUSCO _cBIBLIOTECA MUNICIPAL DEL CUSCO |
||
| 041 | _heng | ||
| 082 |
_a928 / _bP34 _22ed. |
||
| 100 |
_aPearson, Hesketh _97918 |
||
| 245 |
_aDickens : _bSu carácter sus comedias y su carrera / |
||
| 260 |
_aMéxico D. F. : _bGrijalbo, _c1957. |
||
| 300 |
_a333 páginas ; _bilustraciones, _c22 cm. |
||
| 440 |
_aBiografías Gandesa. _94521 |
||
| 505 | _aContenido: La familia Dickens -- El primer amor -- El inimitable Boz -- Desavenencias verbales -- El Mogol -- Trabajo y juego ... | ||
| 650 |
_aLiteratura _983 |
||
| 650 |
_aBiografía _944065 |
||
| 650 |
_aInglaterra _91396 |
||
| 700 |
_aLuelmo, Julio (traducción) _97920 |
||
| 942 |
_2ddc _cLIBROS |
||
| 945 | _aachl | ||